| 000 | 01005nam a2200337 a 4500 | ||
|---|---|---|---|
| 003 | AR-BaBNM | ||
| 005 | 20251128203703.0 | ||
| 008 | 082120s2002 ||||||||||||||000 | spa|| | ||
| 040 | _cAR-BaBNM | ||
| 100 | 1 | _aGoring, Paul A. | |
| 245 | 0 | 0 | _aManual de mediciones y evaluación del rendimiento en los estudios |
| 250 | _a1ª ed. | ||
| 260 |
_aBuenos Aires _bKapelusz _c1971 |
||
| 300 |
_a204 p. _btablas |
||
| 490 | 0 | _aBiblioteca de cultura pedagógica | |
| 500 | _aApéndices p. 200-203 | ||
| 504 | _aContiene bibliografía al final de cada capítulo | ||
| 504 | _aBibliografía general complementaria p. 204 | ||
| 650 | 4 | _aEVALUACION | |
| 650 | 4 | _aMEDICION | |
| 650 | 4 | _aMETODOS DE EVALUACION | |
| 650 | 4 | _aINSTRUMENTOS DE MEDICION | |
| 650 | 4 | _aEXAMENES | |
| 650 | 4 | _aEVALUACION DEL ALUMNO | |
| 650 | 4 | _aOBJETIVOS EDUCACIONALES | |
| 650 | 4 | _aOBJETIVOS DE LA MEDICION | |
| 650 | 4 | _aPRUEBAS DE RENDIMIENTO | |
| 650 | 4 | _aDESARROLLO DE DESTREZAS | |
| 942 | _cBK | ||
| 998 | _csilvi | ||
| 999 |
_c4488 _d4488 |
||